00365nam a2200121Ia 4500008004100000041000800041100003000049245001600079260001200095650001500107999001900122952010200141231219s9999 xx 000 0 und d aeng aKoontz O Donnel Weihrich. aManagement. bM.G.H.  aManagement c974928d974928 00104070aMCMbMCMd2023-12-21g112.00l0pMCM-56BB0000725r2023-12-21 00:00:00w2023-12-21yBK